| 000 | 01113nam a22002537a 4500 | ||
|---|---|---|---|
| 005 | 20170124102946.0 | ||
| 010 | _aA-610885 | ||
| 020 |
_c75.00 _a8185856001 |
||
| 035 | _aA-610885 | ||
| 037 | _bCen Lib/Ret | ||
| 040 |
_aDPL _bHN |
||
| 082 |
_a824 _bयादव |
||
| 100 |
_aयादव, राजेन्द्र _942810 |
||
| 245 |
_aकांटे की बात-1 : न लिखने का कारण / _cराजेन्द्र यादव |
||
| 246 |
_aKāṇṭe kī bāta-1 : na likhne ka karan / _bby Rajendra Yadav |
||
| 260 |
_aनयी दिल्ली _bअक्षर प्रकाशन _c1992 |
||
| 270 |
_a2/36, अंसारी रोड, दरिया गंज _bनयी दिल्ली _e110002 |
||
| 300 |
_a160पृ. _c21सेमी (सजिल्द) |
||
| 650 |
_aहिंदी साहित्य _949847 |
||
| 650 |
_aनिबंध संग्रह _xव्यंग्य _949848 |
||
| 650 |
_aHindi Literature _949849 |
||
| 650 |
_aEssay Collection _xSquid _949850 |
||
| 942 |
_2ddc _cHN _h824 _mयादव |
||
| 999 |
_c112945 _d112945 |
||